| 000 | 00864nam a2200241Ia 4500 | ||
|---|---|---|---|
| 003 | GCL | ||
| 008 | 140319s9999 xx 000 0 ara d | ||
| 040 |
_aGCL / _cGCL |
||
| 082 | 0 | 4 |
_a953.07 _bع ت |
| 100 | 1 | _aعبدالرحمن على الحجى | |
| 245 | 1 | 0 |
_aالتاريخ الاندلسى من الفتح الاسلامى حتى سقوط غرناطة 92-897هـ (711-1492م) / _cعبدالرحمن على الحجى |
| 260 |
_aسوريا : _bدار القلم للنشر والتوزيع ، _c1994 |
||
| 300 |
_a603 ص ؛ _c24سم |
||
| 650 | 0 | 4 | _aالاندلس |
| 650 | 0 | 4 | _aالفتوحات الاسلامية |
| 650 | 0 | 4 | _aالتاريخ الاسلامى |
| 650 | 0 | 4 | _aالمرابطون |
| 650 | 0 | 4 | _aانتشار الاسلام |
| 650 | 0 | 4 | _aالموحدون |
| 650 | 0 | 4 | _aفتح الاندلس |
| 650 | 0 | 4 | _aاوربا |
| 942 |
_2ddc _cBK |
||
| 999 |
_c35006 _d35006 |
||